000 00700nam a2200241 i 4500
003 DO-SdBNP
005 20260203130946.0
007 ta
008 260203b19-- dr c|||| |||| 00| 0 spa d
040 _aDO-SdBNP
_bspa
_cBNPHU
_erda
041 _aspa
082 4 _axxx
_bxxx
_222
100 _aGarcía, Wilfredo,
_4aut.
_959135
_eautor
245 1 3 _aLa frontera /
_cWilfredo García
264 1 _aSanto Domingo :
_bMuseo del Hombre Dominicano,
_c19--?.
300 _a12 páginas :
_bretratos ;
_c22 cm.
336 _atexto
_btxt
_2rdacontent
337 _asin mediación
_bn
_2rdamedia
338 _avolumen
_bnc
_2rdacarrier
590 _aInventariado, 2026/BT
910 _aBtavárez
942 _2ddc
_cLF2
999 _c60194
_d60194